Name the Country by City #3 - Statistics

General Stats
  • This quiz has been taken 1,970 times
  • The average score is 17 of 20
Answer Stats
City Country % Correct
Hiroshima Japan
98%
Helsinki Finland
96%
Phoenix United States
96%
Auckland New Zealand
94%
Krakow Poland
91%
Mecca Saudi Arabia
91%
Toulouse France
90%
Turin Italy
89%
Kolkata India
87%
Ulan Bator Mongolia
87%
Thessaloniki Greece
86%
Nicosia Cyprus
85%
Tirana Albania
82%
Luxor Egypt
81%
Asunción Paraguay
81%
Dhaka Bangladesh
75%
Hull United Kingdom
74%
Lahore Pakistan
73%
Fes Morocco
72%
Harare Zimbabwe
70%
No matching quizzes found
Score Distribution
Percent of People with Each Score
Percentile by Number Answered
Your Score History
You have not taken this quiz